| 000 | 00978nam a2200241 a 4500 | ||
|---|---|---|---|
| 001 | 50054 | ||
| 003 | BD-RjUL | ||
| 005 | 20211209075441.0 | ||
| 008 | 160823s1958 ii ||||| |||| 00| j ben d | ||
| 020 | _c: Tk. 5.50 | ||
| 035 | _a(BD-RjUL) 50174 | ||
| 040 |
_aBD-RjUL _bben _cBD-RjUL |
||
| 041 | _aben | ||
| 082 |
_223 _a891.73 _bKUR 1958 |
||
| 100 | 1 |
_aকুপরিন, আলেকজান্দার _9150029 |
|
| 245 | 1 | 0 |
_aরত্ন বলয় / _cআলেকজান্দার কুপরিন ; তারাপদ রাহা, অনুবাদক |
| 260 |
_aকলিকাতা : _bন্যাশনাল বুক এজেন্সি (প্রা.) লি:, _c১৯৫৮ |
||
| 300 |
_a৩৪৪ পৃ. ; _c২১ সেমি. |
||
| 650 |
_aরাশিয়ান উপন্যাস _9150030 |
||
| 650 |
_aRussian Fiction _9122083 |
||
| 700 |
_aরাহা, তারাপদ, অনুবাদক _9150031 |
||
| 942 |
_2ddc _cBK |
||
| 999 |
_c50054 _d50054 |
||